| 000 | 00707cam a22002294a 4500 | ||
|---|---|---|---|
| 001 | 13022232 | ||
| 005 | 20180315081105.0 | ||
| 008 | 021206s2003 waua 001 0 eng | ||
| 010 | _a 2002044877 | ||
| 020 | _a073561895X | ||
| 040 |
_aDLC _cDLC _dDLC |
||
| 041 | _aeng | ||
| 042 | _apcc | ||
| 080 | _a005.369 COR | ||
| 082 | 0 | 0 |
_a005.369 COR _221 |
| 100 | 1 | _a28 | |
| 101 | _aSHK | ||
| 245 | 1 | 0 |
_aAccessing and analyzing data with Microsoft Excel / _cPaul Cornell. |
| 906 |
_a7 _bcbc _corignew _d1 _eocip _f20 _gy-gencatlg |
||
| 942 |
_2ddc _cBK |
||
| 999 |
_c45137 _d45137 |
||